00000000cam 2200000zi 4500
0019.963017
003CaOODSP
00520260601171223
006m     o  d f      
007cr mn|||||||||
008260525s1949    nkcbd   ob   f000 0 eng d
040 |aCaOODSP|beng|erda|cCaOODSP
043 |aln-----
0861 |aFs52-3/388E-PDF
1001 |aHachey, H. B., |eauthor.
24512|aA winter incursion of slope water on the Scotian Shelf / |cby H.B. Hachey.
264 1|aSt. Andrews, N.B. : |bAtlantic Oceanographic Group, |c[1949]
300 |a1 online resource (5 pages, 4 unnumbered pages) : |bmaps, graphs.
336 |atext|btxt|2rdacontent
337 |acomputer|bc|2rdamedia
338 |aonline resource|bcr|2rdacarrier
4901 |a[Manuscript reports of the biological stations] ; |v[no. 388]
500 |aCover title.
500 |aDigitized edition from print [produced by Department of Fisheries and Oceans].
504 |aIncludes bibliographical references (page 5).
520 |a"In Februrary, 1949, the water temperature conditions off the Scotian coast were assessed, in a bathythermographic survey, under the joint auspices of the Naval Research Establishment at Halifax, N.S., and the Atlantic Oceanographic Group"--Page [1].
650 0|aWater temperature|zScotian Shelf|xMeasurement.
650 0|aBathythermograph.
650 6|aEau|xTempérature|zNéo-écossaise, Plateforme|xMesure.
650 6|aBathythermographes.
7102 |aAtlantic Oceanographic Group (Canada), |eissuing body.
830#0|aManuscript reports of the biological stations ;|v[no. 388].|w(CaOODSP)9.899091
85640|qPDF|s1.71 MB|uhttps://publications.gc.ca/collections/collection_2026/mpo-dfo/fs52-3/Fs52-3-388-eng.pdf